00229nam a2200085Ia 4500008004100000100002100041245003900062260003300101260000900134180219s9999 xx 000 0 und d aChaddha Satish C 0aArt And Scince Of Teaching English aVinay Rakheja R. Lall Meerut c2014